000 01391nam a2200373 c 4500
999 _c51454
_d51454
001 51454
003 ES-MaCES
005 20210222104250.0
008 200207s2018 sp o000 | spa d
017 _aMU 1474-2018
_bDL
020 _a9788409061242
040 _aES-MaCES
_bspa
_cES-MaCES
100 1 _922367
_aRodriguez Iniesta, Guillermo
245 1 3 _aLa compatibilidad de la pensión de jubilación con el trabajo
_b: informe para el Consejo Económico y Social de la Región de Murcia
_cGuillermo Rodríguez Iniesta
260 _aMurcia
_bConsejo Económico y Social de la Región de Murcia
_c2018
300 _a223 p.
_c24 cm
490 1 _aCuadernos CESRM 2018
_v9
541 _cGratuito
650 4 _ajubilación
_928360
650 4 _arégimen de pensión
_927042
650 4 _atrabajo
_928289
650 4 _ajubilación anticipada
_929152
650 4 _ajubilación flexible
_929552
650 4 _ajubilación parcial
_930258
650 4 _alegislación de seguridad social
_929855
650 4 _acampo de aplicación
_930263
650 4 _aEspaña
_926964
650 4 _aMurcia (Comunidad Autónoma)
_930881
653 1 0 _aSeguridad Social
710 1 _aConsejo Económico y Social de la Región de Murcia
_eed.
_92442
830 0 _aColección Cuadernos (Consejo Económico y Social de la Región de Murcia)
_v9
_938879
902 _aLIB Libro
942 _2CES
_cBK
_h3.0.